| 000 | 00913nam a2200253Ia 4500 | ||
|---|---|---|---|
| 003 | GCL | ||
| 008 | 140319s9999 xx 000 0 ara d | ||
| 040 |
_aGCL / _cGCL |
||
| 082 | 0 | 4 |
_aق _b379.62 _bس ص |
| 100 | 1 | _aسليمان نسيم | |
| 245 | 1 | 0 |
_aصياغة التعليم المصرى الحديث: دور القوى السياسية الاجتماعية والفكرية 1952-1923 / _cسليمان نسيم |
| 700 | 1 | _aيونان لبيب رزق | |
| 260 |
_a[S.N] : _bالهيئة المصرية العامة للكتاب ، _c1984 |
||
| 300 | _a253 ص | ||
| 490 |
_aمصر النهضة _v0 |
||
| 650 | 0 | 4 | _aالعصر الحديث |
| 650 | 0 | 4 | _aمصر |
| 650 | 0 | 4 | _aتاريخ |
| 650 | 0 | 4 | _aالاحوال الاجتماعية |
| 650 | 0 | 4 | _aالتعليم |
| 650 | 0 | 4 | _aالاحوال السياسية |
| 650 | 0 | 4 | _aمركز وثائق وتاريخ مصر المعاصر |
| 942 |
_2ddc _cBK |
||
| 999 |
_c52465 _d52465 |
||